000 00504cam a2200145 4500500
005 20251228090809.0
041 _afre
042 _adc
100 1 0 _aSavin, Pierre
_eauthor
245 0 0 _aCahiers Jacques Rivière - Alain Fournier N° 1
260 _c2017.
500 _a3
786 0 _nBulletin de l’Amitié Charles Péguy | 157 | 1 | 2017-04-16 | p. 91-94 | 0180-8567
856 4 1 _uhttps://shs.cairn.info/revue-bulletin-de-lamitie-charles-peguy-2017-1-page-91?lang=fr&redirect-ssocas=7080
999 _c1602716
_d1602716